000 00856cab a2200253 4500
001 ABS54012
008 090401t1995 xxu||||| |||| 00| 0 eng d
035 _a(Sirsi) u7874
041 _aeng
100 _aColbey, R.
245 _aWaiver and estoppel: the 1954 Act
260 _c1995
350 _a0
490 _aRent Review & Lease Renewal
_v15(4) 1995, 12-16(5)
520 _aExplains the landlord`s and the tenant`s rights when the tenant has precluded themself from applying to the court for a new business tenancy. Focuses the waiver and estoppel in relation to the Landlord and Tenant Act 1954.
650 _aBUSINESS TENANCIES
650 _aESTOPPEL
650 _aLANDLORD AND TENANT ACT 1954
650 _aNEW TENANCIES
650 _aWAIVER
690 _aLANDLORD AND TENANT-BUSINESS TENANCIES
942 _n0
948 _c04/03/1997
999 _c4793
_d4793